000 00681nam a22002417a 4500
001 20805
003 UA-OsUOA
005 20210720143818.0
007 ta
008 20031104b un ||||| |||| 00| 0 ukr d
040 _aUA-OsUOA
_bukr
_cUA-OsUOA
_dUA-OsUOA
041 _aukr
044 _aUA
080 _a94(4)"0375/1492"
090 _a94(4)"0375/1492"
_bХ72
245 _aХрестоматія з історії середніх віків
_cза ред. М. П. Граціанського, І. С. Сказкіна
260 _aКиїв
_bРадянська школа
_c1953
300 _a340 с.
505 _gТ. 3
650 7 _2UDC
942 _cBK
_2udc
955 _a0
999 _c306989
_d306989